Psico-pedagogía de la lectura
Salvato in:
| Autore principale: | |
|---|---|
| Natura: | Libro |
| Lingua: | spagnolo |
| Pubblicazione: |
Madrid
Ciencias de la Educación Preescolar y Especial
1991
|
| Serie: | Colección Educación Infantil, 5
|
| Soggetti: | |
| Tags: |
Aggiungi Tag
Nessun Tag, puoi essere il primo ad aggiungerne!!
|
MARC
| LEADER | 00000nam a2200000 a 4500 | ||
|---|---|---|---|
| 001 | UCO6595 | ||
| 003 | CL-VaPUC | ||
| 008 | 001027e19910000SP |||||||||||||||||spa|d | ||
| 082 | 0 | 4 | |a 372.41 |b MOL |2 21 |
| 100 | |a Molina García, Santiago |e autor |9 617444 | ||
| 245 | 1 | 0 | |a Psico-pedagogía de la lectura |
| 300 | |a 365 p | ||
| 942 | |c BK | ||
| 945 | |d 20001027 00:00:00 |a vberengu | ||
| 260 | |a Madrid |b Ciencias de la Educación Preescolar y Especial |c 1991 | ||
| 650 | 0 | |a Enseñanza de la lectura |9 308364 | |
| 650 | 0 | |a Lectura |9 307634 | |
| 650 | 0 | |a Métodos de enseñanza |9 270413 | |
| 650 | 0 | |a Psicología educacional |9 307830 | |
| 583 | |a last modification |c 20001027 00:00:00 |k Rodrigo Vera | ||
| 490 | 0 | |a Colección Educación Infantil, 5 | |
| 999 | |c 292077 |d 292075 | ||
| 952 | |0 0 |1 0 |4 0 |6 372_410000000000000_MOL_1991 |7 0 |8 A |9 342634 |a BIBEDU |b BIBEDU |d 2019-11-20 |i 3660621 |o 372.41 MOL 1991 |p 3660621 |r 2019-11-20 |w 2019-11-20 |y BK |k BME | ||